They call him The Walking Bible / (Record no. 5135)
[ view plain ]
| 000 -LEADER | |
|---|---|
| fixed length control field | 00781pam a2200277 i 4500 |
| 001 - CONTROL NUMBER | |
| control field | 5682 |
| 003 - CONTROL NUMBER IDENTIFIER | |
| control field | GBCCL |
| 005 - DATE AND TIME OF LATEST TRANSACTION | |
| control field | 20241126110534.0 |
| 008 - FIXED-LENGTH DATA ELEMENTS--GENERAL INFORMATION | |
| fixed length control field | 761112s1977 tnua 00110beng |
| 010 ## - | |
| -- | 76054990 |
| 020 ## - INTERNATIONAL STANDARD BOOK NUMBER | |
| International Standard Book Number | 0840790007 |
| 035 ## - SYSTEM CONTROL NUMBER | |
| System control number | OCM02614671 |
| 040 ## - CATALOGING SOURCE | |
| Original cataloging agency | DLC |
| Transcribing agency | DLC |
| Modifying agency | LBB |
| 049 ## - | |
| -- | LBBK |
| 050 0# - | |
| -- | BV3785.V33 |
| -- | C35 |
| 082 ## - DEWEY DECIMAL CLASSIFICATION NUMBER | |
| Classification number | 269.20924 |
| -- | B |
| Item number | VAN |
| 092 ## - LOCALLY ASSIGNED DEWEY CALL NUMBER (OCLC) | |
| Classification number | 269.20924 |
| Item number | V258C |
| 100 1# - MAIN ENTRY--PERSONAL NAME | |
| Personal name | Campbell, Roger F., |
| Dates associated with a name | 1930- |
| 9 (RLIN) | 9263 |
| 245 10 - TITLE STATEMENT | |
| Title | They call him The Walking Bible / |
| Statement of responsibility, etc. | by Roger F. Campbell. |
| 260 ## - PUBLICATION, DISTRIBUTION, ETC. | |
| Place of publication, distribution, etc. | Nashville : |
| Name of publisher, distributor, etc. | Action Press, |
| Date of publication, distribution, etc. | c1977. |
| 300 ## - PHYSICAL DESCRIPTION | |
| Extent | 176 p. : |
| Other physical details | ill. ; |
| Dimensions | 21 cm. |
| 500 ## - GENERAL NOTE | |
| General note | Includes index(175-176). |
| 600 10 - SUBJECT ADDED ENTRY--PERSONAL NAME | |
| Personal name | Van Impe, Jack. |
| 9 (RLIN) | 2010 |
| 650 #0 - SUBJECT ADDED ENTRY--TOPICAL TERM | |
| Topical term or geographic name entry element | Evangelists |
| Geographic subdivision | United States |
| Form subdivision | Biography. |
| 9 (RLIN) | 4755 |
| 942 ## - ADDED ENTRY ELEMENTS (KOHA) | |
| Source of classification or shelving scheme | Dewey Decimal Classification |
| Koha item type | Books |
| Withdrawn status | Lost status | Source of classification or shelving scheme | Damaged status | Not for loan | Home library | Current Library | Shelving location | Date acquired | Total checkouts | Full call number | Barcode | Date last seen | Copy number | Price effective from | Koha item type |
|---|---|---|---|---|---|---|---|---|---|---|---|---|---|---|---|
| Dewey Decimal Classification | GRACE BIBLE COLLEGE | GRACE BIBLE COLLEGE | Ministry & Mission | 2018-02-28 | 269.20924 VAN | 008786 | 2025-05-01 | c.1 | 2018-02-28 | Books |